ՀՀ Գիտությունների ազգային ակադեմիայի հիմնարար գիտական գրադարան  =   Fundamental Scientific Library of NAS RA

Ագռավը : (Record no. 86606)

MARC details
000 -LEADER
fixed length control field 00867nam a2200205 a 4500
001 - CONTROL NUMBER
control field 000243737
003 - CONTROL NUMBER IDENTIFIER
control field AM-YeHGA
005 - DATE AND TIME OF LATEST TRANSACTION
control field 20250618071628.0
008 - FIXED-LENGTH DATA ELEMENTS--GENERAL INFORMATION
fixed length control field 030707s1976 ai 000 | arm d
040 ## - CATALOGING SOURCE
Original cataloging agency AM-YeHGA
090 ## - LOCALLY ASSIGNED LC-TYPE CALL NUMBER (OCLC); LOCAL CALL NUMBER (RLIN)
-- 87890
100 1# - MAIN ENTRY--PERSONAL NAME
Personal name Գոցցի, Կարլո
245 10 - TITLE STATEMENT
Title Ագռավը :
Remainder of title [Թատերական հեքիաթ] /
Statement of responsibility, etc. Կ. Գոցցի; Ռուս թարգմ.՝ Մ. Մարգարյան; Խմբ.՝ Հ.Հ. Դանիելյան; Նկ.՝ Վ.Մ. Ավակիմյան.
260 ## - PUBLICATION, DISTRIBUTION, ETC.
Place of publication, distribution, etc. Երևան :
Name of publisher, distributor, etc. Սովետական գրող,
Date of publication, distribution, etc. 1976.
300 ## - PHYSICAL DESCRIPTION
Extent 151 էջ ;
Dimensions 16 սմ.
650 14 - SUBJECT ADDED ENTRY--TOPICAL TERM
Topical term or geographic name entry element Իտալական գրականություն
General subdivision Թատերգություն
700 1# - ADDED ENTRY--PERSONAL NAME
Personal name Մարգարյան, Մարո Եղիշեի,
Dates associated with a name 1915-1999
Relator term թարգմ.
Relationship trl
9 (RLIN) 1513
700 1# - ADDED ENTRY--PERSONAL NAME
Personal name Դանիելյան, Հ.Հ.
Relator term խմբ.
Relationship edt
700 1# - ADDED ENTRY--PERSONAL NAME
Personal name Ավակիմյան, Վ.Մ.
Relator term նկ.
Relationship art
Holdings
Withdrawn status Lost status Damaged status Not for loan Collection Home library Current library Date acquired Total checkouts Full call number Barcode Date last seen Price effective from Koha item type Public note Cost, replacement price
        General Fundamental Scientific Library Fundamental Scientific Library 22/12/2016   AI/14489 FL0054459 22/12/2016 22/12/2016 Գրքեր / Books 30 Days Loan  
        General Fundamental Scientific Library Fundamental Scientific Library 22/12/2016   AI/14499 FL0054484 22/12/2016 22/12/2016 Գրքեր / Books 30 Days Loan  
        General Fundamental Scientific Library Fundamental Scientific Library 22/12/2016   AI/14500 FL0054483 22/12/2016 22/12/2016 Գրքեր / Books 30 Days Loan  
        General Fundamental Scientific Library Fundamental Scientific Library 22/12/2016   AI/15170 FL0055619 22/12/2016 22/12/2016 Գրքեր / Books 30 Days Loan 90.00


ՀՀ ԳԱԱ հիմնարար գիտական գրադարան
ՀՀ,Երևան 0019
Մարշալ Բաղրամյան 24/6
հեռախոս:(374-10) 52-47-50
Հետադարձ կապ

All site content, except where otherwise noted, is licensed under a
Creative Commons License